Healthy moves : (Record no. 3791)

MARC details
000 -LEADER
fixed length control field 00679nam a22002057a 4500
003 - CONTROL NUMBER IDENTIFIER
control field OSt
005 - DATE AND TIME OF LATEST TRANSACTION
control field 20260421034621.0
008 - FIXED-LENGTH DATA ELEMENTS--GENERAL INFORMATION
fixed length control field 250721b |||||||| |||| 00| 0 eng d
020 ## - INTERNATIONAL STANDARD BOOK NUMBER
International Standard Book Number 9789715812597
040 ## - CATALOGING SOURCE
Original cataloging agency DWCL-Main lib
Transcribing agency OC
082 ## - DEWEY DECIMAL CLASSIFICATION NUMBER
Classification number Circ. 613.7 L155h 2016
100 ## - MAIN ENTRY--PERSONAL NAME
Personal name Ladion, Herminia
245 ## - TITLE STATEMENT
Title Healthy moves :
Remainder of title the healing wonders of therapeutic exercises/
Statement of responsibility, etc. Herminia Ladion
260 ## - PUBLICATION, DISTRIBUTION, ETC.
Place of publication, distribution, etc. Manila:
Name of publisher, distributor, etc. Philippine Publishing House,
Date of publication, distribution, etc. c2016.
300 ## - PHYSICAL DESCRIPTION
Extent 212 pages :
Other physical details color illustrations ;
Dimensions 25 cm.
504 ## - BIBLIOGRAPHY, ETC. NOTE
Bibliography, etc. note Includes appendices, glossary
650 ## - SUBJECT ADDED ENTRY--TOPICAL TERM
Topical term or geographic name entry element 1. Exercises, Therapeutic.
650 ## - SUBJECT ADDED ENTRY--TOPICAL TERM
Topical term or geographic name entry element 2. Health promotion.
942 ## - ADDED ENTRY ELEMENTS (KOHA)
Source of classification or shelving scheme Dewey Decimal Classification
Koha item type Book Circulation
Call number prefix Circ.
Suppress in OPAC No
952 ## - LOCATION AND ITEM INFORMATION (KOHA)
--
Holdings
Withdrawn status Lost status Source of classification or shelving scheme Damaged status Not for loan Home library Current library Shelving location Date acquired Source of acquisition Total Checkouts Full call number Barcode Date last seen Copy number Price effective from Koha item type Uniform Resource Identifier
    Dewey Decimal Classification     College Library College Library Circulation 08/08/2016 Donation   Circ. 613.7 L155h 2016 CL51397 07/21/2025 c1 07/21/2025 BK-CIRC